000 00403nam a2200157Ia 4500
008 210716s1999 xx 000 0 und d
020 _a8120303881
041 _aeng
082 _a004.02 DROR
100 _aDromey, R G.
245 _aHow to solve it by computer.
250 _a1
260 _aNew Delhi
_bPrentice Hall of India PVt Ltd
_c1999
300 _axxi,442
650 _aComputer Fundamentals
999 _c183535
_d183535